01677cam a22003375a 45000010009000000050017000090080041000260100017000670200018000840400028001020430012001300820024001421000018001662450138001842600058003223000026003804900051004065000020004575040031004775200265005086500067007736510010008406530024008507000016008748560106008908560091009968560092010879420008011799990017011879520135012041624145720161015111511.0100519s2009 enk frb 001 0 eng d a 2010285493 a9781848850279 aDLCbengcDLCdEG-ScBUE af------04a333.910096bSTE2221 aStewart, Amy.14aThe governance of water and sanitation in Africa : bachieving sustainable development through partnerships /cAmy Stewart, Tim Gray. aLondon ;aNew York ;bTauris Academic Studies,c2009. axiv, 286 p. ;c21 cm.0 aInternational Library of African Studies ;v27 aIncludes index. aBibliography : p. 247-278.8 aThe politics of water have taken centre state in global concerns about sustainable development. This text investigates a new mode of achieving the Millennium Development Goal of halving the number of people who lack access to safe water and sanitation by 2015. 0aWater resources developmentxGovernment policyzAfrica.2BUEsh 2BUEsh bBUSBOLcOctober20161 aGray, Tim. 423Contributor biographical informationuhttp://www.loc.gov/catdir/enhancements/fy1010/2010285493-b.html423Publisher descriptionuhttp://www.loc.gov/catdir/enhancements/fy1010/2010285493-d.html413Table of contents onlyuhttp://www.loc.gov/catdir/enhancements/fy1010/2010285493-t.html 2ddc c22573d22545 00102ddc40708AUCaMAINbMAINc1STd2016-10-15ePurchaseg120.00l0o333.910096 STEp000034063r2025-07-15 00:00:00v150.00yBB